Armes blanches - Statistiques

Statistiques générales
  • Ce quiz a été pris 1 150 fois
  • Le résultat moyen est 6 sur 15
Statistiques - réponses
Hint Réponse % Correct
Epée courte romaine Glaive
79%
Associée au samouraï Katana
76%
Renforce les coups de poings Poing américain
63%
Hache amérindienne Tomahawk
53%
Arme d'hast utilisée du néolithique à la renaissance Lance
49%
Aussi appelée "coupe-coupe" Machette
43%
Couteau à double tanchant Poignard
40%
Montée sur une arme à feu Baïonnette
38%
Sabre arabe Cimeterre
36%
Arme favorite de Charles Martel Marteau
34%
Arme contondante primitive Gourdin
28%
Désigne aussi un poisson Espadon
24%
Epée à "une main et demi" Epée bâtarde
14%
Couteau cérémoniel malaisien Kriss
13%
Epée à lame ondulée Flamberge
8%
Aucun quiz correspondant
Distribution des résultats
% des personnes avec chaque résultat
Percentile par nombre de réponses
Votre historique - résultats
Vous n’avez pas pris ce quiz